| 000 | 00611nam a22001817a 4500 | ||
|---|---|---|---|
| 999 |
_c193713 _d193713 |
||
| 005 | 20221110115934.0 | ||
| 010 | _aENG-135659 | ||
| 020 |
_a9788191060782 _c595.00 |
||
| 035 | _aEN-119191 | ||
| 037 | _bDBAD/PUB | ||
| 082 | _a363.2540954 | ||
| 100 | _aUday Kumar | ||
| 245 |
_aQuestioning and interrogation: _ban art of extracting the truth/ _cby Uday Kumar |
||
| 260 |
_aSangam Vihar _bLucky Internaional _c2017 |
||
| 270 |
_aH-16/1922, Sangam Vihar _bNew Delhi _e110080 _k9871911248 _mluckybk05@yahoo.co.in |
||
| 300 |
_a196p. _c23cm(hbk) _bBibliography |
||
| 942 |
_2ddc _cEN _mUDA _h363.2540954 |
||